|
|
|
|
| LEADER |
00000nam a2200000Ia 4500 |
| 008 |
171110b2007 s ||||| |||| 00| | spa d |
| 999 |
|
|
|c 1458
|d 1458
|
| 090 |
|
|
|a 06.02.01
|b 1607
|
| 110 |
2 |
|
|a UNESCO. Oficina Internacional de Educación
|9 3271
|
| 245 |
1 |
0 |
|a Manual para integrar la educación al VIH y al SIDA en los currículos oficiales /
|c UNESCO. Oficina Internacional de Educación
|
| 260 |
|
|
|a Ginebra :
|b UNESCO,
|c 2007
|
| 300 |
|
|
|a 183 páginas;
|b ilustraciones a color
|
| 650 |
1 |
4 |
|a EDUCACIÓN
|9 1
|
| 650 |
1 |
4 |
|a VIH
|9 409
|
| 650 |
1 |
4 |
|a SIDA
|9 70
|
| 650 |
1 |
4 |
|a CURRÍCULO (EDUCACIÓN)
|9 342
|
| 650 |
1 |
4 |
|a MANUALES
|9 426
|
| 942 |
|
|
|i 003544,003545
|h 06.02.01 1607
|2 z
|c 01
|